MARC details
| 000 -LEADER |
| fixed length control field |
00762cab a2200193 4500 |
| 001 - CONTROL NUMBER |
| control field |
##L130332 |
| 008 - FIXED-LENGTH DATA ELEMENTS--GENERAL INFORMATION |
| fixed length control field |
050715n2005 000 0 eng u |
| 035 ## - SYSTEM CONTROL NUMBER |
| System control number |
(Sirsi) u130332 |
| 041 0# - LANGUAGE CODE |
| Language code of text/sound track or separate title |
eng |
| 245 00 - TITLE STATEMENT |
| Title |
Focus 2 |
| Remainder of title |
residential development |
| 260 ## - PUBLICATION, DISTRIBUTION, ETC. |
| Date of publication, distribution, etc. |
2005 |
| 490 #0 - SERIES STATEMENT |
| Series statement |
Estates Gazette |
| Volume/sequential designation |
(0527) 9th July 2005, 73-91(7) |
| 520 ## - SUMMARY, ETC. |
| Summary, etc. |
Examines: energy conservation, and renewable energy sources in a residential setting with reference to PPS 22; how developers are dealing with the housing market slowdown; and the design of £60 000 homes. |
| 590 ## - LOCAL NOTE (RLIN) |
| Local note |
IKA190705 |
| 650 24 - SUBJECT ADDED ENTRY--TOPICAL TERM |
| Topical term or geographic name entry element |
PLANNING POLICY STATEMENT 22 |
| 650 24 - SUBJECT ADDED ENTRY--TOPICAL TERM |
| Topical term or geographic name entry element |
DCLG DESIGN FOR MANUFACTURE COMPETITION |
| 690 ## - LOCAL SUBJECT ADDED ENTRY--TOPICAL TERM (OCLC, RLIN) |
| Topical term or geographic name as entry element |
PROPERTY-RESIDENTIAL PROPERTY-RESIDENTIAL PROPERTY DEVELOPMENT |
| 942 ## - ADDED ENTRY ELEMENTS (KOHA) |
| Suppress in OPAC |
0 |